| Tag |
First Indicator |
Second Indicator |
Subfields |
| LEADER |
00000cam a2200000 a 4500 |
| 001 |
in00001405092 |
| 005 |
20151020065919.0 |
| 008 |
840125s1982 cl 000 0bspa d |
| 035 |
|
|
|a (OCoLC)10335765
|
| 035 |
|
|
|9 AHP7912AM
|
| 040 |
|
|
|a UIU
|c UIU
|d PIT
|d TXA
|d UtOrBLW
|
| 049 |
|
|
|a TXAM
|
| 090 |
|
|
|a PQ8549.B3
|b Z9 1982
|
| 092 |
|
|
|a 869.71
|b B41Yva
|
| 100 |
1 |
|
|a Vargas Bello, Fernando.
|
| 245 |
1 |
0 |
|a Andrés Bello, el hombre /
|c Fernando Vargas Bello.
|
| 264 |
|
1 |
|a Santiago, Chile :
|b Editorial Andrés Bello,
|c 1982.
|
| 300 |
|
|
|a 85 pages ;
|c 18 cm.
|
| 336 |
|
|
|a text
|b txt
|2 rdacontent
|
| 337 |
|
|
|a unmediated
|b n
|2 rdamedia
|
| 338 |
|
|
|a volume
|b nc
|2 rdacarrier
|
| 600 |
1 |
0 |
|a Bello, Andrés,
|d 1781-1865.
|
| 948 |
|
|
|a c:ktn
|
| 999 |
|
|
|a MARS
|
| 999 |
f |
f |
|s 560151e1-b08e-3639-aa88-7f888c8e0ad9
|i b2396a4a-c837-3828-b4fa-5a479d42fcd6
|t 0
|
| 952 |
f |
f |
|p ric
|a Texas A&M University
|b Rellis Campus
|c Joint Library Facility
|d Remote Storage
|t 0
|e PQ8549.B3 Z9 1982
|h Library of Congress classification
|i unmediated -- volume
|m A14822437521
|
| 998 |
f |
f |
|a PQ8549.B3 Z9 1982
|t 0
|l Remote Storage
|